[Event "SC Bechhofen 1923 e.V. 2-SK Rothenburg e"]
[Site "?"]
[Date "2012.10.07"]
[Round "6.1"]
[White "Engelmann, Wolfgang"]
[Black "Sandner, Andreas"]
[Result "1/2-1/2"]
[WhiteElo "2040"]
[BlackElo "1815"]
[PlyCount "84"]
[EventDate "2012.??.??"]
[WhiteTeam "SK Rothenburg e.V. 1"]
[BlackTeam "SC Bechhofen 1923 e.V. 2"]

1. e4 d6 2. d4 Nf6 3. Nc3 e5 4. dxe5 dxe5 5. Qxd8+ Kxd8 6. Bg5 Bd6 7. Bc4 Be6
8. Bxe6 fxe6 9. O-O-O Kc8 10. f3 Nc6 11. Nge2 a6 12. Na4 Rd8 13. Be3 b6 14. Rd2
Kb7 15. Rhd1 Be7 16. c3 Rxd2 17. Rxd2 Rd8 18. Rxd8 Nxd8 19. b4 Nd7 20. Kc2 b5
21. Nb2 c5 22. bxc5 Bxc5 23. Bd2 Nc6 24. Nd3 Bb6 25. Ng3 g6 26. Ne2 Na5 27. Nb2
Kc6 28. Nc1 Nc5 29. Ncd3 Nd7 30. Bg5 Kb7 31. Be7 Nc6 32. Bd6 Bc7 33. Nc5+ Nxc5
34. Bxc5 Na5 35. Kd3 Kc6 36. Bb4 Bb6 37. a4 Bc7 38. axb5+ axb5 39. Nd1 Nc4 40.
Ne3 Nxe3 41. Kxe3 Bb6+ 42. Kd3 Kd7 1/2-1/2

[Event "SC Bechhofen 1923 e.V. 2-SK Rothenburg e"]
[Site "?"]
[Date "2012.10.07"]
[Round "6.2"]
[White "Horstmann, Sven"]
[Black "Zeltner, Ottmar"]
[Result "0-1"]
[WhiteElo "2087"]
[BlackElo "2083"]
[PlyCount "73"]
[EventDate "2012.??.??"]
[WhiteTeam "SC Bechhofen 1923 e.V. 2"]
[BlackTeam "SK Rothenburg e.V. 1"]

1. d4 Nf6 2. c4 e6 3. Nf3 c5 4. a3 cxd4 5. Nxd4 a6 6. Nc3 Nc6 7. b4 Qc7 8. e3
d6 9. Qb3 Bd7 10. Bd3 Ne5 11. Nd1 Rc8 12. Nb2 Nxd3+ 13. Qxd3 e5 14. Nb3 Be6 15.
Nd2 Be7 16. e4 O-O 17. f3 Nd7 18. b5 Nb6 19. bxa6 bxa6 20. a4 a5 21. Ke2 Bg5
22. Ra3 h6 23. Rc3 d5 24. c5 d4 25. Rc2 Nd7 26. Nb3 Rb8 27. Nd2 Nxc5 28. Qa3
Be7 29. Nd3 Rfc8 30. Nxc5 Bxc5 31. Qd3 Qd7 32. Ba3 Bb4 33. Rxc8+ Rxc8 34. Bxb4
axb4 35. Qb5 Qxb5+ 36. axb5 Rb8 37. Rb1 0-1

[Event "SC Bechhofen 1923 e.V. 2-SK Rothenburg e"]
[Site "?"]
[Date "2012.10.07"]
[Round "6.3"]
[White "Zeltner, Gottfried"]
[Black "Lechner, Hans-Dieter"]
[Result "1/2-1/2"]
[WhiteElo "1896"]
[BlackElo "1825"]
[PlyCount "48"]
[EventDate "2012.??.??"]
[WhiteTeam "SK Rothenburg e.V. 1"]
[BlackTeam "SC Bechhofen 1923 e.V. 2"]

1. e4 c5 2. f4 e6 3. Nf3 Nc6 4. Be2 d5 5. e5 Nh6 6. O-O Qb6 7. Kh1 Be7 8. c3
Nf5 9. Na3 h5 10. Qb3 Qc7 11. d4 a6 12. Qd1 cxd4 13. cxd4 Bxa3 14. bxa3 Qb6 15.
Bd2 Qd8 16. Bc1 h4 17. Qd3 Bd7 18. Bd2 Nce7 19. Qb3 Bc6 20. Bd3 Qd7 21. Rab1
Kf8 22. Bb4 Kg8 23. Rfc1 Rh6 24. Be1 Rc8 1/2-1/2

[Event "SC Bechhofen 1923 e.V. 2-SK Rothenburg e"]
[Site "?"]
[Date "2012.10.07"]
[Round "6.5"]
[White "Tapia-Egoavil, Carlos"]
[Black "Schäfer, Ann-Kathrin"]
[Result "1/2-1/2"]
[WhiteElo "1840"]
[BlackElo "1698"]
[PlyCount "58"]
[EventDate "2012.??.??"]
[WhiteTeam "SK Rothenburg e.V. 1"]
[BlackTeam "SC Bechhofen 1923 e.V. 2"]

1. e4 e6 2. d4 d5 3. Nd2 Nf6 4. e5 Nfd7 5. Bd3 c5 6. c3 Nc6 7. Ne2 Be7 8. f4
O-O 9. O-O f6 10. Nf3 b6 11. g4 Qe8 12. Ng3 Bb7 13. a3 a5 14. Qe2 c4 15. Bc2 b5
16. exf6 Bxf6 17. g5 Bd8 18. Re1 Bc7 19. Qxe6+ Qxe6 20. Rxe6 Bxf4 21. Bxf4 Rxf4
22. Re3 Raf8 23. Rf1 b4 24. axb4 axb4 25. h3 b3 26. Bd1 Nb6 27. Nh5 R4f5 28.
Ng3 Rf4 29. Nh5 R4f5 1/2-1/2

[Event "SC Bechhofen 1923 e.V. 2-SK Rothenburg e"]
[Site "?"]
[Date "2012.10.07"]
[Round "6.6"]
[White "Lutz, Hans"]
[Black "Diller, Marianne"]
[Result "0-1"]
[WhiteElo "1755"]
[BlackElo "1792"]
[PlyCount "66"]
[EventDate "2012.??.??"]
[WhiteTeam "SC Bechhofen 1923 e.V. 2"]
[BlackTeam "SK Rothenburg e.V. 1"]

1. d4 d5 2. Nf3 e6 3. Bf4 Nf6 4. c4 Nbd7 5. Nc3 c6 6. e3 Be7 7. Bd3 O-O 8. O-O
h6 9. cxd5 exd5 10. Rc1 Nb6 11. Ne5 Re8 12. Bb1 Nfd7 13. Qc2 Nf8 14. Ne2 Bd6
15. Nc3 f6 16. Ng6 Bxf4 17. exf4 f5 18. Nxf8 Rxf8 19. Rfe1 Qh4 20. Qd2 Nc4 21.
Qe2 Qxf4 22. Rcd1 Qg5 23. b3 Nd6 24. Rd3 f4 25. Na4 Bf5 26. Qd2 Bxd3 27. Qxd3
Rae8 28. Re5 Rxe5 29. dxe5 f3 30. g3 Ne4 31. e6 Qc1+ 32. Qf1 Qxf1+ 33. Kxf1
Nd2+ 0-1

[Event "SC Bechhofen 1923 e.V. 2-SK Rothenburg e"]
[Site "?"]
[Date "2012.10.07"]
[Round "6.7"]
[White "Faust, Bernhard"]
[Black "Rank, Klaus"]
[Result "1/2-1/2"]
[WhiteElo "1682"]
[BlackElo "1637"]
[PlyCount "46"]
[EventDate "2012.??.??"]
[WhiteTeam "SK Rothenburg e.V. 1"]
[BlackTeam "SC Bechhofen 1923 e.V. 2"]

1. d4 Nf6 2. c4 e6 3. Nc3 Bb4 4. Bd2 Bxc3 5. Bxc3 Ne4 6. Qc2 Nxc3 7. Qxc3 Qf6
8. Nf3 c5 9. e4 cxd4 10. Qxd4 Qxd4 11. Nxd4 a6 12. f4 Nc6 13. O-O-O b6 14. Nxc6
dxc6 15. Rd6 Bb7 16. Be2 Rd8 17. Rhd1 Rxd6 18. Rxd6 Ke7 19. e5 Rd8 20. Rxd8
Kxd8 21. g4 c5 22. Bd3 h6 23. h4 Ke7 1/2-1/2

[Event "SC Bechhofen 1923 e.V. 2-SK Rothenburg e"]
[Site "?"]
[Date "2012.10.07"]
[Round "6.8"]
[White "Uhlmann, Andreas"]
[Black "Shen, Julian"]
[Result "1/2-1/2"]
[WhiteElo "1552"]
[BlackElo "1365"]
[PlyCount "46"]
[EventDate "2012.??.??"]
[WhiteTeam "SC Bechhofen 1923 e.V. 2"]
[BlackTeam "SK Rothenburg e.V. 1"]

1. d4 d5 2. Nf3 Nf6 3. e4 e6 4. Bd3 c5 5. b3 Nc6 6. Bb2 Be7 7. Nbd2 O-O 8. a3
a6 9. O-O b5 10. Ne5 Bb7 11. f4 c4 12. Be2 Rc8 13. c3 cxb3 14. Qxb3 Na5 15. Qc2
Nc4 16. Nexc4 bxc4 17. a4 Rb8 18. Ba3 Bxa3 19. Rxa3 Bc6 20. Ra2 Qc7 21. Rb1
Rxb1+ 22. Qxb1 Rb8 23. Qc2 h6 1/2-1/2

[Event "SF Fürth 1951 e.V. 2-SC Ansbach 1855 e.V. 1"]
[Site "?"]
[Date "2012.10.07"]
[Round "6.1"]
[Board "1"]
[White "Pikal, Alexander"]
[Black "Koschka, Günther"]
[Result "1-0"]
[WhiteElo "1904"]
[BlackElo "1895"]
[WhiteTeam "SC Ansbach 1855 e.V. 1"]
[BlackTeam "SF Fürth 1951 e.V. 2"]
1.f4 d5 2.Nf3 Nf6 3.e3 e6 4.b3 g6 5.Bb2 Bg7 6.Be2 O-O 7.O-O Ne4 8.Bxg7
Kxg7 9.d3 Qf6 10.Ne5 Nd6 11.Nd2 Nd7 12.N2f3 Qe7 13.Qd2 f6 14.Ng4 Nf7
15.b4 a5 16.a3 Nb8 17.Qc3 b6 18.Nf2 Bb7 19.g4 Nd6 20.g5 Nb5 21.Qb2 axb4
22.Ng4 Nbd7 23.axb4 Nd6 24.Rxa8 Rxa8 25.gxf6+ Nxf6 26.Ng5 Nde8 27.Qe5
Bc8 28.f5 gxf5 29.Rxf5 Qd6 30.Nxf6 Qxe5 31.Nxe8+ Kg6 32.Rxe5 Ra7 33.Nh3
Bd7 34.Bh5+ Kh6 35.Nf6 Bc8 36.Ng4+ Kg7 37.Nf4 Ra2 38.Nxe6+ 1-0

[Event "SF Fürth 1951 e.V. 2-SC Ansbach 1855 e.V. 1"]
[Site "?"]
[Date "2012.10.07"]
[Round "6.2"]
[Board "2"]
[White "Koschka, Robert"]
[Black "Witt, Alfred"]
[Result "0-1"]
[WhiteElo "1869"]
[BlackElo "1865"]
[WhiteTeam "SF Fürth 1951 e.V. 2"]
[BlackTeam "SC Ansbach 1855 e.V. 1"]
1.e4 e5 2.Nc3 Nc6 3.f4 exf4 4.Nf3 d6 5.d4 g5 6.h4 g4 7.Ng1 Bh6 8.Be2 Nf6
9.g3 Qe7 10.d5 Ne5 11.gxf4 Ng6 12.Bb5+ Kd8 13.Qd4 Nxf4 14.Nge2 Nxe2
15.Nxe2 Bxc1 16.Rxc1 Rg8 17.Ng3 a6 18.Bd3 Nd7 19.Nf5 Qe5 20.Qxe5 Nxe5
21.Ng3 Ke7 22.Ke2 Bd7 23.Ke3 Rg6 24.Be2 Rc8 25.c4 c5 26.Rcf1 b5 27.b3
bxc4 28.bxc4 Rb8 29.Rb1 Rgg8 30.Rb3 Rxb3 31.axb3 Rb8 32.Bd1 a5 33.Kd2 a4
34.Kc3 Rb4 35.Rh2 axb3 36.Bxb3 Ba4 37.Ba2 Nf3 38 Nf5+ Kd7 39.Rg2 Ne5
40.Ne3 h5 41.Rf2 Rb8 42.Nf5 Nf3 43.Rf1 Kc7 44.Ng3 Rh8 45.Bb1 Be8 46.Nf5
Bd7 47.Ng3 Kd8 48.Bd3 Ke7 49.Be2 Nxh4 50.Rh1 Ng6 51.Rxh5 Rxh5 52.Nxh5 f5
53.exf5 Bxf5 54.Kd2 Ne5 55.Ke3 Kf7 56.Kf4 Kg6 57.Ng3 Bd3 58.Bxg4 Nxc4
59.Ne4 Bxe4 60.Kxe4 Kg5 61.Be2 Ne5 62.Bb5 Kf6 63.Ba4 Ke7 64.Kf5 Kd8
65.Ke6 Kc7 66.Bc2 c4 67.Kf5 Kb6 68.Ke4 Kc5 69.Bd1 Nd3 10.Bg4 Nf2+ 0-1

[Event "SF Fürth 1951 e.V. 2-SC Ansbach 1855 e.V. 1"]
[Site "?"]
[Date "2012.10.07"]
[Round "6.3"]
[Board "3"]
[White "Margraf, Christoph"]
[Black "Körber, Thomas"]
[Result "1/2-1/2"]
[WhiteElo "1931"]
[BlackElo "1947"]
[WhiteTeam "SC Ansbach 1855 e.V. 1"]
[BlackTeam "SF Fürth 1951 e.V. 2"]
1. c4 f5 2. Nf3 Nf6 3. g3 g6 4. Bg2 Bg7 5. O-O O-O 6. Nc3 d6 7. d4 Nc6 8. d5
Na5 9. Qd3 e5 10. dxe6 Bxe6 11. Nd2 Nc6 12. Nd5 Rb8 13. Rb1 Ne5 14. Qc2 c6 15.
Nxf6+ Qxf6 16. b3 Rbd8 17. Bb2 Qe7 18. Rbd1 d5 19. cxd5 Bxd5 20. Bxd5+ Rxd5 21.
Nc4 Rfd8 22. Rxd5 Rxd5 1/2-1/2

[Event "SF Fürth 1951 e.V. 2-SC Ansbach 1855 e.V. 1"]
[Site "?"]
[Date "2012.10.07"]
[Round "6.4"]
[Board "4"]
[White "Holzschuh, Tobias"]
[Black "Nahlik, Bernhard, Dr."]
[Result "1/2-1/2"]
[WhiteElo "1671"]
[BlackElo "1699"]
[WhiteTeam "SF Fürth 1951 e.V. 2"]
[BlackTeam "SC Ansbach 1855 e.V. 1"]
1.c4 c6 2.Nc3 Nf6 3.d4 d5 4.Nf3 e6 5.e3 Bd6 6.Bd3 O-O 7.O-O Nbd7 8.e4
dxe4 9.Nxe4 Nxe4 10.Bxe4 Nf6 11.Bc2 c5 12.b3 Qc7 13.Bb2 Bd7 14.Qd3 cxd4
15.Qxd4 Bc6 1/2-1/2

[Event "SF Fürth 1951 e.V. 2-SC Ansbach 1855 e.V. 1"]
[Site "?"]
[Date "2012.10.07"]
[Round "6.5"]
[Board "5"]
[White "Sommer, Dieter"]
[Black "Körber, Christian"]
[Result "1-0"]
[WhiteElo "1690"]
[BlackElo "1736"]
[WhiteTeam "SC Ansbach 1855 e.V. 1"]
[BlackTeam "SF Fürth 1951 e.V. 2"]
1.Nf3 Nf6 2.d4 e6 3.c4 b6 4.Bg5 Bb7 5.e3 Be7 6.Be2 O-O 7.O-O c5 8.Nc3 h6
9.Bh4 cxd4 10.Nxd4 g5 11.Bg3 d5 12.Ndb5 Na6 13.Rc1 dxc4 14.Bxc4 Nc5
15.Qe2 Nfe4 16.Nxe4 Nxe4 17.Be5 Bf6 18.Rfd1 Qe7 19.Bxf6 Qxf6 20.f3 Nc5
21.b4 Na6 22.Nd6 Bxf3 23.Qxf3 Qxf3 24.gxf3 Nxb4 25.a3 Nc6 26.Kg2 Ne5
27.Ba6 h5 28.Nc4 Nxc4 29.Rxc4 Rfd8 30.Rcd4 Rxd4 31.Rxd4 Kf8 32.Kg3 Ke7
33.h4 Rg8 34.Bb5 Kf6 35.a4 Rc8 36.Rc4 Rd8 37.Rc7 Rd1 38.hxg5+ Kxg5
39.Rxf7 h4+ 40.Kh3 Rh1+ 41.Kg2 Ra1 42.Rxa7 Ra3 43.Rg7+ Kh5 44.Be8+ Kh6
45.Rg6+ 1-0

[Event "SF Fürth 1951 e.V. 2-SC Ansbach 1855 e.V. 1"]
[Site "?"]
[Date "2012.10.07"]
[Round "6.6"]
[Board "6"]
[White "Hinzmann, Alexander"]
[Black "Lemke, Richard"]
[Result "1-0"]
[WhiteElo "1673"]
[BlackElo "1408"]
[WhiteTeam "SF Fürth 1951 e.V. 2"]
[BlackTeam "SC Ansbach 1855 e.V. 1"]
1.d4 Nf6 2.c4 d5 3.Nc3 e6 4.Bg5 Be7 5.e3 h6 6.Bh4 O-O 7.Nf3 Nbd7 8.Be2
dxc4 9.Bxc4 Nb6 10.Bd3 Nbd5 11.O-O c5 12.dxc5 Nxc3 13.bxc3 Bxc5 14.Qc2
Be7 14.Rfd1 Qc7 16.Bg3 Qc5 17.Rab1 a6 18.c4 Rb8 19.Bxb8 Bd7 20.Be5 Ng4
21.Bg3 Bc6 22.Be4 Rfc8 23.Bxc6 Qxc6 24.Ne5 Nxe5 25.Bxe5 f6 26.Bd4 b5
27.Qb3 bxc4 28.Qb6 e5 29.Qxc6 Rxc6 30.Rb6 Rc7 31.Bc3 a5 32.Rb5 a4 33.Kf1
a3 34.Bb4 1-0

[Event "SF Fürth 1951 e.V. 2-SC Ansbach 1855 e.V. 1"]
[Site "?"]
[Date "2012.10.07"]
[Round "6.8"]
[Board "8"]
[White "Großner, Josef"]
[Black "Pankow, Walter"]
[Result "1-0"]
[WhiteElo "1656"]
[BlackElo "1465"]
[WhiteTeam "SF Fürth 1951 e.V. 2"]
[BlackTeam "SC Ansbach 1855 e.V. 1"]
1.e4 e6 2.d4 c5 3. Nf3 b6 4.Nc3 Bb7 5.Be2 Nf6 6.e5 Nd5 7.Nb5 d6 8.Bg5 f6
9.exf6 Nxf6 10.O-O a6 11.Nc3 Be7 12.Qd3 O-O 13.a4 Nc6 14.Rad1 Nb4 15.Qd2
Ne4 16.Nxe4 Bxe4 17.Bxe7 Qxe7 18.c3 Nc6 19.Qe3 Bc2 20.Ra1 Na5 21.Rfe1
Bb3 22.Bd3 Rf6 23.Qe4 Bd5 24.Qxh7+ Kf7 25.Qh5+ Kg8 26.Bg6 Rxg6 27.Qxg6
Qf6 28.Qxf6 gxf6 29.Nd2 Kf7 30.Re3 Nc6 31.dxc5 bxc5 32.c4 Bxg2 33.Kxg2
Nd4 34.Rc1 Nf5 35.Rh3 Kg6 36.Rcc3 Rb8 37.b3 Kg5 38.Ne4 Kf4 39.Nxf6 e5
40.Rcf3 Kg5 41.Rh5+ Kxf6 42.Rhxf5 Ke6 1-0

[Event "SC Noris-Tarrasch N 1873 e.V. 5-TSV Cado"]
[Site "?"]
[Date "2012.10.07"]
[Round "6.1"]
[White "Hörmann, Gunther"]
[Black "Vogiatzis, Dimitrios"]
[Result "1-0"]
[WhiteElo "2080"]
[BlackElo "2107"]
[PlyCount "116"]
[EventDate "2012.??.??"]
[WhiteTeam "TSV Cadolzburg e.V. 1"]
[BlackTeam "SC Noris-Tarrasch N 1873 e.V. 5"]

1. d4 d5 2. g3 c6 3. Bg2 f5 4. c4 e6 5. Nh3 Nf6 6. O-O Bd6 7. Bf4 Be7 8. Bxb8
Rxb8 9. Nd2 O-O 10. Qc2 Ne4 11. Nf4 Bf6 12. Nf3 Nd6 13. b3 Nf7 14. Nd3 Qd6 15.
Qb2 b6 16. Nfe5 Bb7 17. Rac1 c5 18. dxc5 bxc5 19. f4 dxc4 20. Rxc4 Bxg2 21.
Kxg2 Nxe5 22. fxe5 Qd5+ 23. Rf3 Qxc4 24. bxc4 Rxb2 25. Nxb2 Bxe5 26. Na4 Bd4
27. Rb3 g5 28. e3 Bf6 29. Nxc5 Rc8 30. Nd7 Be7 31. Ne5 Bd6 32. Rb5 Bxe5 33.
Rxe5 Kf7 34. Ra5 Rc7 35. Kf3 Kf6 36. Ra4 h5 37. e4 Rc6 38. Ke3 g4 39. exf5 exf5
40. Kf4 a6 41. c5 Ke6 42. Rc4 a5 43. Rc2 Kf6 44. Rc3 a4 45. Rc4 a3 46. Rc3 Re6
47. Rc4 Rc6 48. Ra4 Rxc5 49. Ra6+ Kg7 50. Rxa3 h4 51. gxh4 Kh6 52. Ra8 Kg6 53.
Ra6+ Kh5 54. a3 g3 55. hxg3 Rc4+ 56. Kxf5 Rc5+ 57. Kf4 Rf5+ 58. Ke4 Rf1 1-0

[Event "SC Noris-Tarrasch N 1873 e.V. 5-TSV Cado"]
[Site "?"]
[Date "2012.10.07"]
[Round "6.2"]
[White "Herlan, Klaus-Jürgen"]
[Black "Schraufl, Wolfhardt"]
[Result "0-1"]
[WhiteElo "1971"]
[BlackElo "2108"]
[PlyCount "102"]
[EventDate "2012.??.??"]
[WhiteTeam "SC Noris-Tarrasch N 1873 e.V. 5"]
[BlackTeam "TSV Cadolzburg e.V. 1"]

1. d4 Nf6 2. Nc3 c5 3. d5 d6 4. e4 g6 5. Bd3 Bg7 6. Nge2 a6 7. a4 Qc7 8. Ng3 c4
9. Be2 Nfd7 10. Be3 O-O 11. O-O b6 12. Qd2 Re8 13. f4 Bb7 14. Kh1 Nf6 15. Rad1
Nbd7 16. f5 Ne5 17. h3 Rab8 18. Bh6 Bc8 19. Bxg7 Kxg7 20. Rf4 g5 21. Rf2 h6 22.
Nh5+ Kh7 23. Kh2 Bd7 24. Rh1 b5 25. Nxf6+ exf6 26. axb5 axb5 27. Bf3 Qc5 28.
Nd1 Rec8 29. g4 b4 30. Kg3 Ba4 31. h4 Kg7 32. hxg5 hxg5 33. Rfh2 c3 34. Rh7+
Kf8 35. bxc3 bxc3 36. Qe2 Ke7 37. R7h2 Rb1 38. Qa6 Bb5 39. Qb7+ Rc7 40. Qa8
Rxd1 41. Rxd1 Qe3 42. Rf2 Be2 43. Rdf1 Qf4+ 44. Kg2 Bxf3+ 45. Rxf3 Nxf3 46.
Rxf3 Qxg4+ 47. Kf2 Qh4+ 48. Ke2 g4 49. Re3 Qh2+ 50. Kf1 g3 51. Qg8 Qf2# 0-1

[Event "SC Noris-Tarrasch N 1873 e.V. 5-TSV Cado"]
[Site "?"]
[Date "2012.10.07"]
[Round "6.4"]
[White "Pühn, Georg"]
[Black "Trümpelmann, Jochen"]
[Result "1/2-1/2"]
[WhiteElo "1989"]
[BlackElo "1911"]
[PlyCount "103"]
[EventDate "2012.??.??"]
[WhiteTeam "SC Noris-Tarrasch N 1873 e.V. 5"]
[BlackTeam "TSV Cadolzburg e.V. 1"]

1. e4 e5 2. Nf3 Nc6 3. Bb5 a6 4. Ba4 Nf6 5. O-O Nxe4 6. d4 b5 7. Bb3 d5 8. dxe5
Be6 9. a4 Nc5 10. Ng5 Nxb3 11. Nxe6 fxe6 12. cxb3 Be7 13. Qh5+ g6 14. Qg4 Kf7
15. axb5 axb5 16. Rxa8 Qxa8 17. Bg5 Bxg5 18. Qxg5 Qd8 19. Qf4+ Kg7 20. Nc3 b4
21. Na4 Rf8 22. Qg4 Qe7 23. Rc1 Qf7 24. Rc2 Kg8 25. Nc5 Nxe5 26. Qxe6 Re8 27.
Qxf7+ Kxf7 28. f3 Ra8 29. Na4 Ra7 30. Kf2 Ke6 31. Ke3 Kd6 32. Nc5 c6 33. h3 Nd7
34. Nd3 c5 35. g4 Ra8 36. f4 Re8+ 37. Kf3 Re4 38. Rc1 Rd4 39. Ke3 Re4+ 40. Kf3
Rd4 41. Ke3 Re4+ 42. Kf3 Re7 43. h4 Re4 44. Rc2 Kc6 45. Nf2 Re7 46. g5 Kb5 47.
Rd2 Nb6 48. h5 c4 49. bxc4+ Kxc4 50. hxg6 hxg6 51. Ng4 Re6 52. Ne3+ 1/2-1/2

[Event "SC Noris-Tarrasch N 1873 e.V. 5-TSV Cado"]
[Site "?"]
[Date "2012.10.07"]
[Round "6.5"]
[White "Hofer, Stefan"]
[Black "Rabenstein, Christian"]
[Result "0-1"]
[WhiteElo "1810"]
[BlackElo "1876"]
[PlyCount "86"]
[EventDate "2012.??.??"]
[WhiteTeam "TSV Cadolzburg e.V. 1"]
[BlackTeam "SC Noris-Tarrasch N 1873 e.V. 5"]

1. e4 c5 2. d4 cxd4 3. c3 Nf6 4. e5 Nd5 5. Nf3 Nc6 6. cxd4 d6 7. Bc4 e6 8. O-O
Be7 9. Bd2 Qc7 10. Bb3 dxe5 11. dxe5 O-O 12. Nc3 Rd8 13. Qe2 a6 14. Rfd1 b5 15.
Rac1 Ndb4 16. Bf4 Bb7 17. a3 Rxd1+ 18. Rxd1 Na5 19. Bxe6 fxe6 20. axb4 Bxb4 21.
Ne4 Rf8 22. Bg3 Bd5 23. Nd4 Be7 24. Qg4 Qd7 25. Bh4 Bxh4 26. Qxh4 Bxe4 27. Qxe4
Rd8 28. Rd3 Nc6 29. Rh3 g6 30. Nf3 Qd1+ 31. Qe1 Qxe1+ 32. Nxe1 Rd1 33. Kf1 Rb1
34. b3 Nd4 35. Rc3 Nxb3 36. Rc6 Nd4 37. Rxa6 Nc2 38. Ke2 Nxe1 39. Rxe6 Nxg2 40.
Rf6 Re1+ 41. Kf3 Nh4+ 42. Kf4 Nf5 43. Rb6 Nd4 0-1

[Event "SC Noris-Tarrasch N 1873 e.V. 5-TSV Cado"]
[Site "?"]
[Date "2012.10.07"]
[Round "6.6"]
[White "Zippel, Harald"]
[Black "Metzenroth, Dieter"]
[Result "1/2-1/2"]
[WhiteElo "1856"]
[BlackElo "1782"]
[PlyCount "82"]
[EventDate "2012.??.??"]
[WhiteTeam "SC Noris-Tarrasch N 1873 e.V. 5"]
[BlackTeam "TSV Cadolzburg e.V. 1"]

1. Nf3 g6 2. e4 Bg7 3. d3 d6 4. g3 c5 5. Bg2 Nc6 6. O-O e6 7. c3 Nge7 8. Be3
O-O 9. Nbd2 b6 10. Nh4 d5 11. Nb3 d4 12. Bd2 dxc3 13. Bxc3 Ba6 14. Nc1 Bxc3 15.
bxc3 Ne5 16. Qa4 Bxd3 17. Rd1 c4 18. f4 Ng4 19. Nxd3 cxd3 20. Bf1 d2 21. Nf3
Qc7 22. Nxd2 Rad8 23. Qc4 Rc8 24. Qxc7 Rxc7 25. Rac1 Ne3 26. Re1 Nxf1 27. Kxf1
Rfc8 28. Re3 Kf8 29. Ke2 Ng8 30. Nb3 Nf6 31. h3 Nd7 32. Kd2 Nc5 33. Nxc5 Rxc5
34. Rd3 Ke7 35. Rb1 Ra5 36. Rb2 Rc4 37. Ke3 Rca4 38. Rdd2 Rc5 39. Rd3 f6 40.
Rbd2 Rc7 41. Kf3 Rac4 1/2-1/2

[Event "SC Noris-Tarrasch N 1873 e.V. 5-TSV Cado"]
[Site "?"]
[Date "2012.10.07"]
[Round "6.7"]
[White "Koch, Walter"]
[Black "Yarsev, Alexander"]
[Result "1/2-1/2"]
[WhiteElo "1814"]
[BlackElo "1714"]
[PlyCount "47"]
[EventDate "2012.??.??"]
[WhiteTeam "TSV Cadolzburg e.V. 1"]
[BlackTeam "SC Noris-Tarrasch N 1873 e.V. 5"]

1. e4 c5 2. Nf3 d6 3. d4 cxd4 4. Nxd4 Nf6 5. Nc3 a6 6. Bg5 e6 7. Be2 Nbd7 8.
O-O h6 9. Bh4 g5 10. Bg3 b5 11. Nxe6 fxe6 12. Bh5+ Nxh5 13. Qxh5+ Ke7 14. Rad1
Qb6 15. Rxd6 Qc5 16. Qg6 Ne5 17. Bxe5 Qxe5 18. Rfd1 Qxd6 19. Rxd6 Kxd6 20. Qf6
Rg8 21. Qf7 Rh8 22. Qf6 Rg8 23. Qf7 Rh8 24. Qf6 1/2-1/2

[Event "SC Noris-Tarrasch N 1873 e.V. 5-TSV Cado"]
[Site "?"]
[Date "2012.10.07"]
[Round "6.8"]
[White "Dosche, Clemens"]
[Black "Grund, Christian"]
[Result "1-0"]
[WhiteElo "1733"]
[BlackElo "1605"]
[PlyCount "111"]
[EventDate "2012.??.??"]
[WhiteTeam "SC Noris-Tarrasch N 1873 e.V. 5"]
[BlackTeam "TSV Cadolzburg e.V. 1"]

1. d4 Nf6 2. c4 e6 3. Nc3 Bb4 4. Bd2 O-O 5. Nf3 d5 6. e3 Bd7 7. cxd5 Bxc3 8.
Bxc3 exd5 9. Be2 Bf5 10. O-O Nbd7 11. Qb3 Rb8 12. Bb4 Re8 13. Rac1 c6 14. Bd6
Rc8 15. Qxb7 Nb6 16. Be5 Re7 17. Qa6 Ng4 18. Bg3 f6 19. Qa3 Qd7 20. Ba6 Rce8
21. Qc5 Re6 22. b3 Be4 23. Nd2 Nh6 24. Nxe4 Rxe4 25. Qxc6 Qxc6 26. Rxc6 Nf5 27.
Rc7 R4e7 28. Rxe7 Rxe7 29. Rc1 Nxg3 30. hxg3 Kf7 31. Rc5 Kg6 32. a4 Re6 33.
Bd3+ Kh6 34. a5 Nd7 35. Rxd5 Re7 36. Bb5 Nb8 37. Rc5 Rb7 38. Bc4 Nd7 39. Rb5
Rc7 40. a6 Nb6 41. Rc5 Rd7 42. Kf1 g6 43. Ke2 f5 44. Kf3 Kg5 45. g4 h5 46. gxf5
Nxc4 47. bxc4 gxf5 48. d5 Rd6 49. Rc6 Rd7 50. d6 Kf6 51. c5 Ke6 52. Kf4 Kd5 53.
Rc7 Rd8 54. d7 Ke6 55. c6 Kd6 56. Rc8 1-0

[Event "SC Bad Windsheim 1920 e.V. 1-SpVgg. Zabo"]
[Site "?"]
[Date "2012.10.07"]
[Round "6.1"]
[White "Brenner, Christian"]
[Black "Pfitzinger, Leonhard"]
[Result "0-1"]
[WhiteElo "2064"]
[BlackElo "1954"]
[PlyCount "130"]
[EventDate "2012.??.??"]
[WhiteTeam "SpVgg. Zabo-Eintracht N e.V. 1"]
[BlackTeam "SC Bad Windsheim 1920 e.V. 1"]

1. e4 e5 2. Nf3 Nc6 3. Bb5 a6 4. Ba4 d6 5. c3 Bd7 6. d4 Nf6 7. O-O g6 8. Bg5 b5
9. Bb3 Bg7 10. Bd5 Qe7 11. Nbd2 Rb8 12. Re1 O-O 13. Nf1 Qe8 14. Ng3 h6 15. Bd2
Na5 16. Bb3 Nxb3 17. axb3 Bc8 18. h3 Bb7 19. Qc2 Nd7 20. Rad1 Qe6 21. d5 Qe7
22. Nh2 Kh7 23. Ng4 Nb6 24. Be3 Bc8 25. c4 bxc4 26. bxc4 Nd7 27. Nh2 h5 28. Nf3
Bh6 29. Bxh6 Kxh6 30. b4 h4 31. Qd2+ Kg7 32. Nf1 Rh8 33. Ne3 Nf6 34. Nc2 Nh5
35. c5 Nf4 36. Ncd4 Qf6 37. Nc6 Ra8 38. Re3 g5 39. Nh2 Re8 40. Rc1 Qg6 41. Qd1
f5 42. cxd6 cxd6 43. Na5 fxe4 44. Rc7+ Kh6 45. Nc6 Nd3 46. Ng4+ Bxg4 47. Qxg4
Qf6 48. Re2 Nf4 49. Rd2 Rf8 50. Qd7 Kh5 51. Qh7+ Qh6 52. Qxe4 Rh8 53. Ne7 Qf6
54. Nf5 Raf8 55. Qf3+ Kg6 56. Ne7+ Kh6 57. Nc6 Rf7 58. Rxf7 Qxf7 59. Qg4 Re8
60. g3 Ng6 61. Rd3 Rf8 62. Rd2 hxg3 63. Qxg3 Nh4 64. Kf1 Qf5 65. Qg4 Nf3 0-1

[Event "SC Bad Windsheim 1920 e.V. 1-SpVgg. Zabo"]
[Site "?"]
[Date "2012.10.07"]
[Round "6.2"]
[White "Auth, Bernhard"]
[Black "Wittmann, Paul"]
[Result "1/2-1/2"]
[WhiteElo "1830"]
[BlackElo "2129"]
[PlyCount "141"]
[EventDate "2012.??.??"]
[WhiteTeam "SC Bad Windsheim 1920 e.V. 1"]
[BlackTeam "SpVgg. Zabo-Eintracht N e.V. 1"]

1. d4 d5 2. Nf3 Nf6 3. Bg5 Ne4 4. Bf4 e6 5. e3 Bd6 6. Bxd6 Qxd6 7. c3 O-O 8.
Bd3 f5 9. Nbd2 Nd7 10. O-O b6 11. c4 Bb7 12. Rc1 c6 13. Qb3 Kh8 14. Rc2 Rf6 15.
h3 Rg8 16. Qa3 Qxa3 17. bxa3 g5 18. cxd5 exd5 19. Bxe4 fxe4 20. Nh2 Re8 21. Rc3
c5 22. dxc5 bxc5 23. Nb3 c4 24. Nd4 Rb6 25. Rc2 Ne5 26. Ne2 Bc6 27. Nc3 Reb8
28. f4 exf3 29. Nxf3 Nxf3+ 30. gxf3 Rb2 31. Rff2 Rxc2 32. Rxc2 Kg7 33. Kf2 Kf6
34. Rd2 Ke5 35. f4+ gxf4 36. exf4+ Kxf4 37. Nxd5+ Bxd5 38. Rxd5 Rc8 39. Rd4+
Ke5 40. Ke3 c3 41. Rd1 c2 42. Rc1 h5 43. Kd2 Kf4 44. Rf1+ Kg3 45. Kc1 Kxh3 46.
Rf7 a5 47. Rf5 h4 48. Rxa5 Rc4 49. Ra8 Kg3 50. Rg8+ Rg4 51. Rc8 h3 52. Rc3+ Kh4
53. Rxh3+ Kxh3 54. Kxc2 Kg3 55. Kb3 Kf3 56. a4 Ke3 57. a5 Kd3 58. a3 Rh4 59. a4
Rg4 60. a6 Rg6 61. Kb4 Rxa6 62. Kb5 Rg6 63. a5 Rh6 64. a6 Rh8 65. a7 Kc3 66.
Kb6 Kb4 67. Kb7 Rh7+ 68. Kb6 Rh8 69. Kb7 Kb5 70. a8=Q Rh7+ 71. Kb8 1/2-1/2

[Event "SC Bad Windsheim 1920 e.V. 1-SpVgg. Zabo"]
[Site "?"]
[Date "2012.10.07"]
[Round "6.3"]
[White "Gebhard, Thomas"]
[Black "Müller, Norbert"]
[Result "0-1"]
[WhiteElo "2086"]
[BlackElo "1950"]
[PlyCount "58"]
[EventDate "2012.??.??"]
[WhiteTeam "SpVgg. Zabo-Eintracht N e.V. 1"]
[BlackTeam "SC Bad Windsheim 1920 e.V. 1"]

1. e4 e5 2. Nf3 Nc6 3. Bb5 a6 4. Bxc6 dxc6 5. d4 Bg4 6. dxe5 Qxd1+ 7. Kxd1 Bc5
8. Ke1 Ne7 9. Bf4 Ng6 10. Bg3 Bxf3 11. gxf3 Bd4 12. c3 Bxe5 13. Bxe5 Nxe5 14.
Nd2 O-O-O 15. Ke2 Rd7 16. Rac1 Rhd8 17. Rc2 c5 18. b3 Nd3 19. Rg1 f6 20. h4 h6
21. Rg4 g5 22. hxg5 hxg5 23. Rg1 Nf4+ 24. Ke1 b5 25. Rh1 Kb7 26. Rh6 Rd6 27. e5
Re8 28. Ne4 Rxe5 29. Rd2 f5 0-1

[Event "SC Bad Windsheim 1920 e.V. 1-SpVgg. Zabo"]
[Site "?"]
[Date "2012.10.07"]
[Round "6.4"]
[White "Cesinger, Sascha"]
[Black "Ahlich, Thomas"]
[Result "1/2-1/2"]
[WhiteElo "1734"]
[BlackElo "1957"]
[PlyCount "86"]
[EventDate "2012.??.??"]
[WhiteTeam "SC Bad Windsheim 1920 e.V. 1"]
[BlackTeam "SpVgg. Zabo-Eintracht N e.V. 1"]

1. Nf3 Nf6 2. c4 b6 3. g3 Bb7 4. Bg2 e6 5. Nc3 Be7 6. O-O O-O 7. d3 d5 8. Ne5
Nbd7 9. Bf4 c6 10. cxd5 exd5 11. d4 Re8 12. Rc1 Nh5 13. e3 Nxf4 14. gxf4 Nf6
15. Ne2 c5 16. Ng3 cxd4 17. Qxd4 Bc5 18. Qd3 a5 19. Rfd1 Bd6 20. Nc6 Bxc6 21.
Rxc6 d4 22. Rxd6 Qxd6 23. Bxa8 Rxa8 24. Qxd4 Qc6 25. Nf5 Qf3 26. Rd2 h5 27.
Nh6+ Kh7 28. Nxf7 Qg4+ 29. Kf1 Rc8 30. Rd1 Qh3+ 31. Ke1 Qxh2 32. Ng5+ Kh6 33.
Ke2 Rc2+ 34. Rd2 Rc7 35. Qxb6 Rc1 36. Ne4 Qh1 37. Ng3 Qe1+ 38. Kd3 h4 39. Nf5+
Kh5 40. Nxg7+ Kg6 41. Ne8 Qf1+ 42. Re2 Qd1+ 43. Rd2 Qf1+ 1/2-1/2